000
00336nam a2200157Ia 4500
100
_a
Ozsu/Tamer M
650
_a
Database
942
_c
BK
366
_f
25
245
_a
Principles of Distributed database systems
260
_b
Pearson
_c
2006
082
_a
5.74
_b
OZS
300
_a
590
546
_a
ENGLISH
_c
Computers
999
_c
32580
_d
32580